000 00759nam a22001937a 4500
999 _c56947
_d56947
005 20191106120318.0
008 190711c2019 ru ||||| |||| 00| 0 rur d
020 _a0042-8744
041 _arus
245 _aВопросы Философии :
_b2019 № 1 /
_c Гл. Ред : Константин Владимерович Анохин .
264 _aМосква :
_bРоссийская акедимия наук,
_c1947 -
300 _av.
653 _aВопросы Философии
653 _aფილოსოფიის კითხვები
653 _aპერიოდიკა
700 _aАнохин, Константин
_93204
710 _aРоссийская акедимия наук
_93205
942 _2udc
_cCR